Mangos are for me / (Record no. 9982)
[ view plain ]
| 000 -LEADER | |
|---|---|
| fixed length control field | 01216nam a22002897a 4500 |
| 001 - CONTROL NUMBER | |
| control field | 9982 |
| 003 - CONTROL NUMBER IDENTIFIER | |
| control field | FISKH |
| 005 - DATE AND TIME OF LATEST TRANSACTION | |
| control field | 20260423150853.0 |
| 008 - FIXED-LENGTH DATA ELEMENTS--GENERAL INFORMATION | |
| fixed length control field | 260323b cb ||||| |||| 00| 0 eng d |
| 020 ## - INTERNATIONAL STANDARD BOOK NUMBER | |
| International Standard Book Number | 9798988191209 |
| 040 ## - CATALOGING SOURCE | |
| Original cataloging agency | FISKH |
| Language of cataloging | eng |
| Transcribing agency | FISKH |
| Modifying agency | FISKH |
| 050 ## - LIBRARY OF CONGRESS CALL NUMBER | |
| Classification number | PZ7 |
| 082 ## - DEWEY DECIMAL CLASSIFICATION NUMBER | |
| Classification number | 813 |
| 100 ## - MAIN ENTRY--PERSONAL NAME | |
| Personal name | Orndorff, Breanne |
| Relator term | Author |
| 245 ## - TITLE STATEMENT | |
| Title | Mangos are for me / |
| Statement of responsibility, etc. | Written by Breanne Orndorff ; illustrated by Diobhas |
| 260 ## - PUBLICATION, DISTRIBUTION, ETC. | |
| Name of publisher, distributor, etc. | Breanne Orndorff , |
| Date of publication, distribution, etc. | 2023 |
| 300 ## - PHYSICAL DESCRIPTION | |
| Extent | 32 unnumbered pages : |
| Other physical details | color illustrations ; |
| Dimensions | 25 cm |
| 505 ## - FORMATTED CONTENTS NOTE | |
| Formatted contents note | J<br/> |
| 520 ## - SUMMARY, ETC. | |
| Summary, etc. | Do you a favorite fruit? Well, I sure do; mangos! Come along on an adventure with me, where I'll introduce you to a mouthwatering world of flavors. My playful rhymes and vivid illustrations will let you experience these fruits like never before. So come on, hop in a pool with me and drink a coconut or climb a jackfruit tree. And, of course, we will pick mangos together before we are done. Let's find your favorite fruit! |
| 521 8# - TARGET AUDIENCE NOTE | |
| Target audience note | 450<br/> |
| Source | Lexile estimate<br/> |
| 521 8# - TARGET AUDIENCE NOTE | |
| Target audience note | J<br/> |
| Source | Raz-Plus<br/> |
| 650 ## - SUBJECT ADDED ENTRY--TOPICAL TERM | |
| Topical term or geographic name entry element | Mangoes |
| Form subdivision | Fruit |
| 650 ## - SUBJECT ADDED ENTRY--TOPICAL TERM | |
| Topical term or geographic name entry element | Cambodia |
| Form subdivision | Picture book |
| 700 ## - ADDED ENTRY--PERSONAL NAME | |
| Personal name | Diobhas |
| Relator term | Illustrator |
| 942 ## - ADDED ENTRY ELEMENTS (KOHA) | |
| Source of classification or shelving scheme | Dewey Decimal Classification |
| Koha item type | Books |
| Suppress in OPAC | No |
| Withdrawn status | Lost status | Source of classification or shelving scheme | Damaged status | Not for loan | Collection | Home library | Current library | Shelving location | Date acquired | Total Checkouts | Full call number | Barcode | Date last seen | Date last checked out | Copy number | Price effective from | Koha item type |
|---|---|---|---|---|---|---|---|---|---|---|---|---|---|---|---|---|---|
| Dewey Decimal Classification | Juvenile Fiction | Footprints International School Library Network Toul Kork Campus | Footprints International School Library Network Toul Kork Campus | TK Primary Library Room(4th Floor), Bookcase 3&4, Shelves 17-32, Yellow Books | 03/23/2026 | ORN 813 PZ7 | 2026-0397 | 03/27/2026 | 2 | 03/27/2026 | Books | ||||||
| Dewey Decimal Classification | Juvenile Fiction | Footprints International School Library Network Toul Kork Campus | Footprints International School Library Network Toul Kork Campus | TK Primary Library Room(4th Floor), Bookcase 3&4, Shelves 17-32, Yellow Books | 04/22/2026 | ORN 813 PZ7 | 2026-0513 | 04/22/2026 | 3 | 04/22/2026 | Books | ||||||
| Dewey Decimal Classification | Juvenile Fiction | Footprints International School Library Network Toul Tom Poung Campus | Footprints International School Library Network Toul Tom Poung Campus | TTP Primary Dark Blue Bookshelves | 03/23/2026 | 1 | ORN 813 PZ7 | 2026-0364 | 04/23/2026 | 03/27/2026 | 1 | 03/23/2026 | Books | ||||
| Dewey Decimal Classification | Juvenile Fiction | Footprints International School Library Network Toul Tom Poung Campus | Footprints International School Library Network Toul Tom Poung Campus | TTP Primary Dark Blue Bookshelves | 04/23/2026 | ORN 813 PZ7 | 2026-0531 | 04/23/2026 | 4 | 04/23/2026 | Books |
